Регионална библиотека "Любен Каравелов" - Русе

Златаров - общественикът (Запис номер 408948)

MARC детайли
000 -Лидер
Контролно поле с фиксирана дължина 01280nam a2200289 c 4500
003 - Код на организацията, давaща контролен номер
Контролно поле BLK
005 - Дата и час на последна редакция
Контролно поле 20210416105651.0
008 - Елементи от данни с фиксирана дължина
fixed length control field 180411b bul|||||r ||||||| ||bul||
040 ## - Източник на каталожния запис
Идентификатор на билиотеката - собственик на записа BLK
041 ## - Код за език
Код за езика на текст/звукозапис или на отделно заглавие Български
Код за езика КДБФ Български
080 ## - УДК
Текстов определител УДК Химия. Кристалография. Минералогия. Вж и 577.1; 66; 612.015; 631.41
УДК код - определител по УДК 54
УДК определител (092)
УДК - код + определител 54(092)
080 ## - УДК
Текстов определител УДК Български биохимик и общественик (1885-1936)
УДК код - определител по УДК 929 Златаров, Асен Христов
УДК - код + определител 929 Златаров, Асен Христов
100 1# - Редна дума - Автор
Автор Митовски, Здравко Стефанов
Авторска отговорност първи автор
R(LIN) 327550
139 ## - Редно поле
Редна дума Митовски, Здравко Стефанов
Авторски знак Златаро - З 70
245 10 - Сведения за заглавието
Заглавие Златаров - общественикът
Редно поле (дума) Здравко Стефанов Митовски.
257 ## - Страна на издаване
Страна на създаване/издаване България
260 ## - Област на издателските данни
Име на издателя, разпространителя и проч. БРСДП
Година на издаване 1945
9 (RLIN) 217702
Място на издаване, разпространение и проч. София
300 ## - Физическа характеристика
Страници 30 с.
Размери/Мащаб 18 см
380 ## - Жанр
Жанр Естествени науки. Математика
600 #0 - Име на лице, използвано като предмет
9 (RLIN) 267957
За него / За нея Златаров, Асен Христов
852 ## - Местоположение
Форматна сигнатура Цб 5.175.18566
856 4# - Електронен адрес и достъп
Електронен формат pdf - файл
856 4# - Електронен адрес и достъп
Електронен формат pdf - файл
999 ## - СИСТЕМНИ КОНТРОЛНИ НОМЕРА
Koha biblionumber 408948
Koha biblioitemnumber 408948
942 ## - АРТИКУЛИ
Вид на библиотечния материал Книги
Скрит в OPAC Не
Периодичен библиозапис Да
944 ## - СЪЗДАВАНЕ И РЕДАКЦИЯ на ЗАПИСА
Създаване/Редакция Създаване
Дата на регистрацията/редакция 2021-04-16
Служител, извършил регистрацията/редакцията НР
Наличности
Код за отписване Код за изгубен артикул Източник на класификационната схема Код за повреда Коз за рестрикции Код за отдаване Артикулен № Име на библиотеката - собственик Име на библиотеката, в която се намира в момента Статус (Текущо местоположение) Дата на вписване в системата Местоположение - отдел Цена в лева Инвентарен номер Систематично азбучна сигнатура Баркод Цена в евро Служебен тип на артикула
  Не е изгубен Universal Decimal Classification Не е повреден само за читалня ползва се в читалня 824896 Регионална библиотека "Любен Каравелов" Русе Регионална библиотека "Любен Каравелов" Русе Хранилище 2021-04-20 Основен фонд - ползва се само за читалня 0.03 18566 Цб 5.175.18566 900000052853 0.02 Книги
Vip Innovations Ltd, Rousse, Bulgaria 2025